| 000 | 00935cam a22002895a 4500 | ||
|---|---|---|---|
| 003 | OSt | ||
| 005 | 20150602142053.0 | ||
| 008 | 090903s2010 nyu fr 000 0aeng d | ||
| 020 | _a9780393338690 (pbk.) | ||
| 020 | _a039333869X (pbk.) | ||
| 040 |
_aBTCTA _cBTCTA _dYDXCP _dNYP _dCDX _dVMC _dORX _dEG-ScBUE |
||
| 043 | _an-us--- | ||
| 082 | 0 | 4 |
_a332.620973 _222 _bLEW |
| 100 | 1 |
_aLewis, Michael _q(Michael M.) _924154 |
|
| 245 | 1 | 0 |
_aLiar's poker : _brising through the wreckage on Wall Street / _cMichael Lewis. |
| 260 |
_aNew York ; _aLondon : _bW. W. Norton & Company, _c2010. |
||
| 300 |
_a310 p. ; _c21 cm. |
||
| 500 | _a1 national bestseller. | ||
| 600 | 1 | 0 |
_aLewis, Michael _q(Michael M.) _924154 |
| 610 | 2 | 0 | _aSalomon Brothers. |
| 650 | 0 |
_aBrokers _zUnited States _vBiography. _2BUEsh |
|
| 650 | 0 |
_aBonds _zUnited States. _2BUEsh |
|
| 651 | _2BUEsh | ||
| 653 |
_bBUSADM _cMay2015 |
||
| 655 |
_vreading book _934232 |
||
| 942 | _2ddc | ||
| 999 |
_c19384 _d19356 |
||